| 000 | 00528nam a2200145Ia 4500 | ||
|---|---|---|---|
| 008 | 170221s9999 xx 000 0 und d | ||
| 100 | _aNoor Ashikin Basarudin | ||
| 245 | _aFaculty Workload and Employment Benefits in Public Universities | ||
| 245 | _cNoor Ashikin Basarudin, Asmah Laili Yeon, Nurli Yaacob, Rohana Abd Rahman | ||
| 260 | _bInternational Review of Management and Marketing | ||
| 260 | _c2012 | ||
| 300 | _a7 : 2 | ||
| 650 | _xMarketing. | ||
| 856 | _uhttp://www.econjournals.com/index.php/irmm/issue/view/91 | ||
| 999 |
_c313948 _d313948 |
||